| 000 | 00000nam##2200000za#4500 |
| 001 | 9.603078 |
| 003 | CaOODSP |
| 005 | 20210624210905 |
| 007 | cr ||||||||||| |
| 008 | 150406|2001||||xxc|||||o f|0| 0 fre|d |
| 040 | |aCaOODSP|bfre |
| 043 | |an-cn--- |
| 086 | 1 |aM92-217/2001F-PDF |
| 110 | 1 |aCanada. |bRessources naturelles Canada. |
| 245 | 10|aDenco Enterprises, chauffage d'une exploitation de serres et intégration d'autres besoins en chauffage |h[ressource électronique] |
| 260 | |aOttawa - Ontario : |bRessources naturelles Canada |c2001. |
| 300 | |a6p.|bill. en couleur, glossaire, photographies |
| 490 | 1 |aÉtude de cas. Systèmes de chauffage à la biomasse |vPrintemps 2001 |
| 500 | |aLe n° de catalogue (M92-217/2001F) et l'ISBN (0-662-85741-0) de l'édition imprimée ont été incorrectement copiés dans l'édition électronique. |
| 590 | |a12-02-Supp|b2012-01-20 |
| 775 | 08|tDenco Enterprises, heating a greenhouse operation and other integrated heat loads |w(CaOODSP)9.572812 |
| 776 | 0#|tDenco Enterprises: chauffage d'une exploitation de serres et intégration d'autres besoins en chauffage : |w(CaOODSP)9.625628 |
| 830 | #0|aÉtude de cas. Systèmes de chauffage à la biomasse ;|vPrintemps 2001|w(CaOODSP)9.501325 |
| 856 | 40|ahttp://publications.gc.ca|qPDF|s694 Ko|uhttps://publications.gc.ca/collections/Collection/M92-217-2001F.pdf|yPrintemps 2001 |